|
|
|
|
| LEADER |
00000nab a2200000 a 4500 |
| 001 |
vtls001564122 |
| 003 |
SK-MaSNL |
| 005 |
20260304140827.0 |
| 008 |
250505c2004 xo 0 slo |
| 015 |
|
|
|a SNBCL2005/2
|
| 035 |
|
|
|a SLK030992
|
| 035 |
|
|
|a urn:nbn:sk:snk-abv27
|
| 035 |
|
|
|a (urnnbn)urn:nbn:sk:snk:ar-a05kst
|
| 035 |
|
|
|a (uuid)5534a2cb-abd1-4540-891f-7e140b392251
|
| 040 |
|
|
|a SNKBUCL
|b slo
|c SNKBUCL
|e AACR2
|
| 041 |
0 |
|
|a slo
|b eng
|b slo
|
| 044 |
|
|
|a xo
|c SK
|
| 080 |
|
|
|a 615.22.015.2
|2 1981
|
| 100 |
1 |
|
|a Dzúrik, Rastislav,
|d 1929-2014
|4 aut
|9 13378
|
| 245 |
1 |
0 |
|a Interakcie kardiovaskulárnych liečiv
|b liečivá pôsobiace na srdce
|n 2.
|c Rastislav Dzúrik
|
| 246 |
1 |
0 |
|a Interaction of cardiovascular drugs
|
| 246 |
1 |
1 |
|a Interaction of cardiovascular drugs
|
| 300 |
|
|
|b Tab.
|
| 504 |
|
|
|a Res. angl., slov.
|
| 504 |
|
|
|a Bibliogr. odkazy
|
| 650 |
0 |
7 |
|a interakcie liekov
|2 MESH
|9 1438590
|
| 650 |
0 |
7 |
|a kardiotoniká
|x aplikácia a dávkovanie
|2 MESH
|9 1456984
|
| 650 |
0 |
7 |
|a sympatikomimetiká
|x aplikácia a dávkovanie
|2 MESH
|9 1067394
|
| 650 |
0 |
7 |
|a antiarytmiká
|2 MESH
|9 14454
|
| 650 |
0 |
7 |
|a látky dopamínové
|x aplikácia a dávkovanie
|2 MESH
|9 1457819
|
| 773 |
0 |
|
|t Kardiológia pre prax
|g Roč. 2, č. 4 (2004), s. 243-245
|x 1336-3433
|
| 850 |
|
|
|a Slovenská národná knižnica
|
| 852 |
|
|
|a Slovenská národná knižnica
|
| 954 |
|
|
|a odborná, vedecká literatúra pôvodná (slovenská)
|2 lita
|
| 958 |
|
|
|a article27
|
| 958 |
|
|
|a OND
|
| 958 |
|
|
|a EUIPO
|
| 999 |
|
|
|c 2916529
|d 2918459
|